000 004810000a22001570004500
090 _aAR
_b00693
245 1 0 _aAltitudinal zonation of tropical rain forests using bryophytes
650 1 4 _aBriofitas
_993843
650 1 4 _aZonificación altitudinal
_993844
650 1 4 _aBosques tropicales
_992765
041 0 _aInglés
700 1 _aGradstein, S. Rob
_993826
100 1 _aFrahm, Jan- Peter
_993845
942 _cARTICULO
773 1 _tJournal of Biogeography
_3248
_h18
_q669-678
_d1991
_g18
999 _c9784
_d9784